000 00215nam a2200097Ia 4500
008 170619s9999 xx 000 0 und d
100 _aSchulte- Jurgen
245 0 _aNanotechnology
260 _bWiley-India
260 _c2010
546 _aENGLISH
999 _c20573
_d20573